Former Countries - Sudden Death - Statistics

General Stats
  • This quiz has been taken 606 times
  • The average score is 4 of 14
Answers on the Grid
Answers color-coded by a green-red scale on the quiz's grid according to % correct below.
Naples
Hong Kong
Puerto Rico
Brittany
French Guiana
Hawaii
Vermont
Aruba
Venice
Bermuda
Western Sahara
Athens
Florida
Herzegovina
Tuscany
Borneo
Texas
Tibet
Flanders
Tatarstan
Hainan
Frankfurt
Socotra
Newfoundland
Bavaria
Java
Falkland Islands
Réunion
Scotland
Istanbul
 
Answer Stats
Answer % Correct
1282-1816 Naples
49%
1795-1893 Hawaii
47%
1836-1846 Texas
46%
843-1603 Scotland
44%
1912-1951 Tibet
39%
697-1797 Venice
36%
1806-1918 Bavaria
30%
1068-322 B.C. Athens
26%
851-1547 Brittany
25%
1907-1949 Newfoundland
24%
1569-1859 Tuscany
24%
1777-1791 Vermont
23%
1790-1795 Flanders
12%
1815-1866 Frankfurt
12%
No matching quizzes found
Score Distribution
Percent of People with Each Score
Percentile by Number Answered
Your Score History
You have not taken this quiz